Statistics for The color / colour quiz (Illusion)

Click here to take the quiz!

General Stats

  • This quiz has been taken 431 times
  • The average score is 9 of 10

Answer Stats

Hint Answer % Correct
OrangeBlack
99%
YellowGreen
98%
BlackOrange
94%
BluePurple
93%
OrangeRed
89%
GreenYellow
88%
BlackYellow
83%
BlackBlue
81%
WhitePurple
74%
No colourGreen
71%

Score Distribution

Percentile by Number Answered

Percent of People with Each Score

Your Score History

You have not taken this quiz